| Поле | Название | Значение |
| |
Тип записи |
a |
| |
Библиографический уровень |
m |
| 001 |
Контрольный номер |
RU/IS/BASE/414684293 |
| 005 |
Дата корректировки |
20201129114436.6 |
| 010 |
Индекс ISBN |
__ |
| d |
Цена |
16-83 |
| 101 |
Язык документа |
0_ |
| a |
Язык текста |
rus |
| 200 |
Заглавие и сведения об ответственности |
1_ |
| a |
Заглавие |
Блюда из сои |
| e |
Сведения, относящиеся к заглавию |
Лучшие рецепты |
| f |
Первые сведения об ответственности |
Сост. В. И. Доцкало |
| 210 |
Выходные данные |
1_ |
| a |
Место издания |
Минск |
| c |
Издательство |
Современное слово |
| d |
Дата издания |
1999 |
| 215 |
Физическое описание |
__ |
| a |
Объем |
282, [6] с. |
| 606 |
Тематические рубрики |
__ |
| a |
Основная рубрика |
пищевые производства |
| 610 |
Ключевые слова |
0_ |
| a |
Ключевые слова |
блюда из сои |
| 686 |
Индексы других классификаций |
__ |
| a |
Индекс ББК |
36.992 |
| 801 |
Источник записи |
_0 |
| a |
Страна |
RU |
| b |
Организация |
Центральная районная библиотека им. Г. А. Пирожникова |
| 801 |
Источник записи |
_1 |
| a |
Страна |
RU |
| b |
Организация |
Центральная районная библиотека им. Г. А. Пирожникова |
| 852 |
Данные о местонахождении |
__ |
| j |
Шифр хранения |
36.992 |
| b |
Сигла хранения |
26 |
| i |
Авторский знак |
Б 71 |
| 901 |
Тип документа |
__ |
| t |
Тип документа |
m |
| 991 |
Признак экспресс-каталогизации |
__ |
| a |
Признак экспресс-каталогизации |
express.Acquisition |